000 00508nam a22001697a 4500
999 _c8744
_d8744
008 201211b ||||| |||| 00| 0 eng d
040 _aBMS College of Architecture
100 _aR, Sanjana
245 _aFashion and textile museum
300 _a10p.
500 _a1BM11AT057
502 _8B,Arch
_NBMS College of Architecture, Visvesvaraya Technological University (VTU)
_aProject report
_d2015
650 _aMuseum
700 _aBhaghyalaxmi M
_eGuide
700 _aMadhuri Rao
_eGuide
942 _2ddc
_cTHE